Zálohovanie plastov nie je naozaj eko

Spustenie reklamnej kampane v súvislosti s pripravovaným zálohovaním plastových nápojových obalov. Reakcia výrobcov aj predajcov na danú kampaň. Úvaha, či je lepšie plastové fľaše zálohovať, alebo vôbec nepoužívať.

Guardado en:
Detalles Bibliográficos
Formato: Capítulo de libro
Lenguaje:eslovaco
Materias:
Etiquetas: Agregar Etiqueta
Sin Etiquetas, Sea el primero en etiquetar este registro!

MARC

LEADER 00000naa a2200000 4500
001 0281258
005 20240417075151.2
041 0 |a slo 
044 |a SK 
245 1 0 |a Zálohovanie plastov nie je naozaj eko 
520 |a Spustenie reklamnej kampane v súvislosti s pripravovaným zálohovaním plastových nápojových obalov. Reakcia výrobcov aj predajcov na danú kampaň. Úvaha, či je lepšie plastové fľaše zálohovať, alebo vôbec nepoužívať. 
610 2 0 |a plasty 
610 2 0 |a obaly 
610 2 0 |a kampane reklamné 
610 2 0 |a ekológia 
610 2 0 |a recyklácia odpadu 
610 2 0 |a spracovanie odpadu 
610 2 0 |a systémy zálohové